banner-ar

القانون الدولى لمنازعات الحدود : (Record no. 60167)

MARC details
000 -الفاتح
حقل البيانات ثابتة الطول 01374nam a22003137a 4500
005 - وقت وتاريخ اخر تعامل مع التسجيلة
رقم الضبط 20240530110356.0
008 - عناصر البيانات ثابتة الطول - معلومات عامة
حقل البيانات ثابتة الطول 150110s2010 ua g 000 0 ara d
017 ## - رقم الايداع القانونى
رقم الايداع القانونى 2010/2896
المصدر ( الهيئة المختصة) مصر . دار الكتب المصرية
020 ## - الرقم الدولى المعيارى للكتب
الرقم الدولى المعيارى للكتاب 9789773832032
040 ## - مصدر الفهرسة
وكالة الفهرسة الأصلية EG-CaGPL
041 0# - رمز اللغة
رمز لغة النص/ المسارات الصوتية أو العنوان الانفرادي ara
082 04 - رقم تصنيف ديوى العشرى
رقم الطبعة 21
رقم التصنيف 341.41\
رقم المادة ا ق
100 0# - المدخل الرئيسى - إسم شخصى
الإسم الشخصى السيد مصطفى احمد ابو الخير
245 12 - بيان العنوان
العنوان القانون الدولى لمنازعات الحدود :
بقية العنوان دراسة تطبيقية على الحدود العربية و الاسلامية /
بيان المسئوليه,etc تاليف السيد مصطفى احمد ابو الخير
250 ## - بيان الطبعة
بيان الطبعة ط 1
260 ## - PUBLICATION, DISTRIBUTION, ETC. (IMPRINT)
تاريخ النشر أو التوزيع 2010
300 ## - الوصف المادى
التعداد 339 ص ؛
أبعاد الوعاء 24 سم
650 04 - المدخل الاضافى بالموضوع-مصطلح موضوعى
مصطلح موضوعي القانون الدولى العام
650 04 - المدخل الاضافى بالموضوع-مصطلح موضوعى
مصطلح موضوعي نزاعات الحدود
650 04 - المدخل الاضافى بالموضوع-مصطلح موضوعى
مصطلح موضوعي الحدود السياسية
650 04 - المدخل الاضافى بالموضوع-مصطلح موضوعى
مصطلح موضوعي المنازعات الدولية
650 04 - المدخل الاضافى بالموضوع-مصطلح موضوعى
مصطلح موضوعي القانون الدولى
651 04 - المدخل الاضافى بالموضوع - اسم جغرافى
الاسم الجغرافي البحرين
التقسيم الفرعي العام الحدود السياسية
التقسيم الفرعي الجغرافي ارتيريا
651 04 - المدخل الاضافى بالموضوع - اسم جغرافى
الاسم الجغرافي تركيا
التقسيم الفرعي العام الحدود السياسية
التقسيم الفرعي الجغرافي ايران
651 04 - المدخل الاضافى بالموضوع - اسم جغرافى
الاسم الجغرافي العراق
التقسيم الفرعي العام الحدود السياسية
التقسيم الفرعي الجغرافي ايران
651 04 - المدخل الاضافى بالموضوع - اسم جغرافى
الاسم الجغرافي السعودية
التقسيم الفرعي العام الحدود السياسية
التقسيم الفرعي الجغرافي قطر
942 ## - عناصر المدخل الإضافي( كوها)
مصدر التصنيف او مخطط الترفيف Dewey Decimal Classification
Koha [default] item type كتاب
260 ## - PUBLICATION, DISTRIBUTION, ETC. (IMPRINT)
-- القاهرة :
-- ايتراك للطباعة و النشر و التوزيع ،
Holdings
حالة التراجع حالة الفقد حالة تلف ليس للاعارة المكان المؤقت الموقع الحالى تاريخ الاكتساب اجمالي اﻻعارات رقم الطلب الباركود تاريخ اخر مشاهدة تاريخ تفعيل السعر نوع وعاء كوها
        مكتبة القاهرة الكبرى مكتبة القاهرة الكبرى 01/10/2015   341.41\ ا ق 159165 01/10/2015 01/10/2015 كتاب

Powered By

EGPV